| 000 | 00708cam a22001935a 4500 | ||
|---|---|---|---|
| 001 | L149352 | ||
| 008 | 100223s2009 xxk 000 0 eng d | ||
| 035 | _a(Sirsi) u149352 | ||
| 041 | 0 | _aeng | |
| 100 | 1 | _aIves, Paul | |
| 245 | 0 | 0 | _aWhispers of a rental upturn |
| 260 | _c2009 | ||
| 490 |
_aProperty Forecast _v12(12) December 2009, 2-3(2) |
||
| 520 | _aExamines the prospects for a pick up in the UK office, retail and industrial sectors in 2010 after 2009?s collapsing market. Table covers recent London office completions and future projections. | ||
| 590 | _aKA | ||
| 651 | 4 |
_aUnited Kingdom _y |
|
| 690 | _aPROPERTY-COMMERCIAL PROPERTY-COMMERCIAL PROPERTY FINANCE AND INVESTMENT | ||
| 942 | _n0 | ||
| 999 |
_c82151 _d82151 |
||